Todos os campeões do Campeonato Inglês - Statistics

Estatísticas Gerais
  • Esse quiz foi jogado 482 vezes
  • A pontuação média é 13 de 24
Estatísticas das Respostas
Títulos Resposta % Correto
20 Manchester United
100%
19 Liverpool
99%
7 Manchester City
99%
13 Arsenal
97%
6 Chelsea
95%
7 Aston Villa
87%
2 Tottenham Hotspur
87%
9 Everton
78%
1 Leicester City
70%
4 Newcastle United
67%
1 Nottingham Forest
62%
3 Wolverhampton Wanderers
56%
3 Blackburn Rovers
49%
6 Sunderland
47%
3 Leeds United
38%
2 Burnley
35%
1 Sheffield United
29%
2 Derby County
24%
2 Portsmouth
21%
2 Preston North End
19%
4 Sheffield Wednesday
19%
1 Ipswich Town
17%
1 West Bromwich Albion
17%
3 Huddersfield Town
15%
Nenhum quiz correspondente encontrado
Distribuição das Pontuações
Porcentagem de Pessoas com Cada Pontuação
Percentil de Números Respondidos
Sua Pontuação Histórica
Você não jogou esse quiz